000 00277nam a2200121Ia 4500
008 151001s9999||||xx |||||||||||||| ||und||
100 _aबाबा कदम
245 _aपाषाण
250 _a1
260 _bपै.दि.कृ.
300 _a104
365 _b18
999 _c956281
_d956278